00383nam a2200097Ia 4500008004100000020000600041100002800047245008500075999001900160952010600179211105s9999 xx 000 0 und d a" a Benvie, Niall 988763 4aThe art of nature photography : perfect your pictures in-camera and in-computer  c584049d584048 00104070aERMELLbERMELLd2021-11-08g180.00l0o778.93 BENVp3322830056905r2021-11-08w2021-11-08